Alcances y límites de la reforma en la universidad pública mexicana /

Na minha lista:
Detalhes bibliográficos
Autor principal: Ordorika Sactristán, Imanol
Formato: Texto
Assuntos:
Tags: Adicionar Tag
Sem tags, seja o primeiro a adicionar uma tag!

MARC

LEADER 00000 a a2200000 04500
001 46012
003
040
100 |a Ordorika Sactristán, Imanol  
245 |a Alcances y límites de la reforma en la universidad pública mexicana /  |c Imanol Ordorika Sacristán  
650 |a NEOLIBERALISMO  
650 |a MEXICO  
650 |a AMERICA LATINA  
773 |g número59 (1992), páginas 2-6  
999 |c 24627  |d 24627